000 004240000a22001690004500
003 MACL
005 20151229124152.0
008 151229b xxu||||| |||| 00| 0 eng d
040 _aMACL
_cMACL
041 _aEnglish
082 _a150/SPE
100 _aSpencer, Herbert
_923712
245 _aThe Principles of Psychology
260 _bWilliams and Norgate
_c1881
650 _aPsychology
_923713
942 _cBK
_k150/SPE
_2ddc
999 _c36814
_d36814